[Event "Schaakweek Apeldoorn GM 2018"]
[Site "Apeldoorn"]
[Date "2018.06.10"]
[Round "4"]
[White "Gascon Del Nogal, Jose Rafael"]
[Black "Praggnanandhaa, R."]
[Result "1-0"]
[WhiteElo "2470"]
[BlackElo "2507"]
[Annotator "TA"]
[PlyCount "95"]
[EventDate "2018.06.12"]
[EventType "tourn"]
[EventCountry "NED"]
[SourceTitle "playchess.com"]
[Source "ChessBase"]
[SourceQuality "1"]

{[%evp 25,95,-4,0,-42,-38,-41,-46,-31,-33,-41,-25,-50,-28,-30,-14,-22,-6,-12,-25,-41,-16,-50,-47,-37,-45,-99,0,-36,0,-94,-76,-78,-44,-51,-39,-64,-67,-68,-75,-97,0,0,0,0,0,0,0,0,70,50,59,68,87,14,17,0,140,-155,0,0,0,0,0,0,136,139,1894,1855,29986,29987,29992,29986]} 1. e4 c5 2. Nf3 e6 3. d3 Nc6 4. g3 g6 5. Bg2 Bg7 6. c3 e5 7. O-O Nge7 8. Nbd2 O-O 9. Re1 d6 10. a3 h6 {A04: Unusual lines after 1 Nf3 and King's Indian Attack} 11. b4 a6 12. Nb3 b6 13. Bb2 Be6 {LiveBook: 3 Games} 14. d4 exd4 15. cxd4 {[#]} c4 $146 ({Predecessor:} 15... cxb4 16. axb4 d5 17. Ne5 Nxb4 18. Ba3 a5 19. Bxb4 axb4 20. Qd2 Rxa1 21. Rxa1 dxe4 {0-1 (21) Ansell,S (2380)-Nunn,J (2600) England 1998}) 16. Nc1 {[%cal Bb3c1,Bc1e2,Be2f4][%mdl 32]} d5 17. e5 b5 18. Bc3 a5 19. bxa5 Nxa5 20. Qd2 Nac6 21. Ne2 Qd7 22. Reb1 Rfb8 23. Nf4 Bf5 24. Rc1 Be4 25. Bh3 (25. Rd1 $15) 25... Bf5 (25... Qa7 $17 26. Bg2 Na5 27. Bxa5 Qxa5) 26. Bg2 $1 $15 Be4 (26... Qa7 $15) 27. Bh3 $17 Qd8 28. Qe2 Nf5 29. Bxf5 $1 Bxf5 30. Nh4 Bc8 31. e6 fxe6 32. Nhxg6 Qf6 ({Better is} 32... Nxd4 $17 33. Qh5 Rb7) 33. Ne5 Nxe5 34. dxe5 Qf5 35. Nh5 d4 36. Bxd4 Bf8 (36... Bb7 $11) 37. g4 $14 Qg6 38. Nf6+ Kh8 39. Rc3 (39. a4 $16) 39... b4 $11 40. Rg3 {And now g5 would win.} Rxa3 (40... bxa3 $11 {remains equal.} 41. Qa2 Ra4) 41. g5 $2 {[%mdl 8192]} ({Weaker is} 41. Qxc4 Rxa1+ 42. Bxa1 Bb7 $15) (41. Rgxa3 $16 {is necessary to keep the advantage.} bxa3 42. Qxc4 Rb1+ 43. Kg2 Bb7+ 44. Kg3) 41... Rxg3+ $2 (41... Rxa1+ $17 42. Bxa1 Qb1+ 43. Kg2 Bb7+ 44. Kh3 c3 45. gxh6 Qf5+ 46. Qg4 Qxg4+ 47. Kxg4 Bxh6) 42. hxg3 c3 43. Qc4 $1 $36 {[%cal Rc4c7][%mdl 2048] Strongly threatening Qc7. White has the initiative.} Bb7 {...Bf3 is the strong threat.} 44. Qxe6 {Threatens to win with Qb6.} Ra8 (44... hxg5 45. Qh3+ Qh6 46. Qxh6+ Bxh6 47. Ra7 $15) (44... Bf3 $11 {keeps the balance.} 45. Qb3 hxg5 46. Bxc3 bxc3 47. Qxb8 Qh6) 45. Re1 $16 {aiming for Qb6.} Bg7 $2 {[%mdl 8192] [#]} ({Don't go for} 45... Qxg5 $2 46. Qb6 $18) (45... hxg5 $16 46. Qb6 Bf3) 46. Qd7 $1 $18 Bf3 {[#]} 47. e6 $1 Qf5 48. gxh6 {Precision: White = 48%, Black = 38%.} 1-0

[Event "Schaakweek Apeldoorn GM 2018"]
[Site "Apeldoorn"]
[Date "2018.06.10"]
[Round "4"]
[White "Ten Hertog, Hugo"]
[Black "Pijpers, Arthur"]
[Result "1-0"]
[WhiteElo "2453"]
[BlackElo "2479"]
[Annotator "TA"]
[PlyCount "65"]
[EventDate "2018.06.12"]
[EventType "tourn"]
[EventCountry "NED"]
[SourceTitle "playchess.com"]
[Source "ChessBase"]
[SourceQuality "1"]

{[%evp 9,65,-14,-18,-32,-25,-44,-29,-37,-35,-47,-47,-43,0,-9,0,0,72,26,3,-30,48,48,90,89,92,99,89,102,89,100,115,100,95,67,67,54,43,4,27,0,80,64,110,103,110,75,125,112,320,325,382,350,560,445,29984,29985,29994,29995]} 1. g3 d5 2. Bg2 e5 3. d3 c5 4. Nc3 d4 5. Ne4 (5. Nd5 Be6 6. c4 Nc6 7. e4 dxe3 8. fxe3 g6 9. Ne2 h5 10. h3 f5 11. h4 Nh6 12. e4 {1-0 (50) Petran,P (2302)-Arkell,K (2450) Marianske Lazne 2016}) 5... Nc6 6. Nf3 {A00: Irregular Openings} Be7 $146 ({Predecessor:} 6... f5 7. Ned2 Nf6 8. Nc4 Qc7 9. Bg5 Be7 10. a4 Be6 11. Nfd2 h6 12. Bxf6 Bxf6 {½-½ (35) Salone,A (1572)-Simoni,G (1658) Udine 2012}) 7. Ned2 Be6 8. O-O {Black has an edge.} h5 9. c3 h4 10. Qa4 {[#] Black must now prevent Nxe5.} hxg3 11. fxg3 Qd7 12. Ne4 f6 (12... Nf6 $11) 13. Bd2 Nh6 14. Rac1 Rc8 (14... Nf5 $11) 15. Nh4 $1 $14 {[%cal Rh4g6] Hoping for Ng6.} Ng4 16. h3 Ne3 17. Bxe3 $1 dxe3 18. Ng6 Rh6 19. Nxe7 Qxe7 20. g4 Kd8 {[%cal Be8d8,Bd8c7,Bc7b8][%mdl 32]} 21. Rf3 Kc7 22. Rxe3 {aiming for d4.} Kb8 23. Qb5 b6 24. Ng3 Bd7 (24... f5 $1 $11 {keeps the balance.} 25. Bxc6 f4 26. Rxe5 fxg3) 25. Nf5 $36 {[%mdl 2048] White has good play.} (25. Qa6 f5 $11) 25... Bxf5 26. gxf5 Na5 27. Qa4 c4 28. b4 Nb7 $2 (28... cxb3 $16 29. axb3 g5) 29. dxc4 $18 Rxc4 30. Rd1 e4 (30... Qc5 {was worth a try.} 31. Kf2 (31. bxc5 Rxa4 32. cxb6 axb6 $18) 31... b5) 31. Rd7 Qe5 {[#]} (31... Qc5 $18 32. Qxa7+ Kxa7 33. bxc5 Kb8 34. cxb6 Rh8 35. Rxg7 Nd6) 32. Rxe4 $1 {[%mdl 512]} Rxe4 33. Qc6 {Precision: White = 66%, Black = 29%.} 1-0

[Event "Schaakweek Apeldoorn GM 2018"]
[Site "Apeldoorn"]
[Date "2018.06.10"]
[Round "4"]
[White "Warmerdam, Max"]
[Black "Kuipers, Stefan"]
[Result "1/2-1/2"]
[WhiteElo "2370"]
[BlackElo "2477"]
[Annotator "TA"]
[PlyCount "83"]
[EventDate "2018.06.12"]
[EventType "tourn"]
[EventCountry "NED"]
[SourceTitle "playchess.com"]
[Source "ChessBase"]
[SourceQuality "1"]

{[%evp 29,83,0,0,0,0,0,0,0,0,-16,0,0,0,-12,-14,-11,-8,-24,0,0,0,0,0,0,0,0,0,0,0,0,0,0,0,0,0,0,0,0,0,0,0,0,0,0,0,0,0,0,0,0,0,0,0,0,0,0]} 1. d4 d5 2. c4 c6 3. Nf3 Nf6 4. Nc3 e6 5. Bg5 Nbd7 6. cxd5 exd5 7. e3 Be7 8. Qc2 O-O 9. Bd3 Re8 10. h3 Nf8 11. Bf4 Ne6 12. Bh2 g6 13. O-O Ng7 {D36: Queen's Gambit Declined: Exchange Variation: Main line (5 Bg5 c6 6 Qc2)} 14. Rab1 a5 15. a3 Bf5 {LiveBook: 4 Games} 16. b4 Bxd3 17. Qxd3 axb4 18. axb4 {[#]} b5 $146 ({Predecessor:} 18... Ra3 19. Qc2 Bd6 20. Bxd6 Qxd6 21. b5 {½-½ (60) So,W (2782)-Hracek,Z (2591) Baku 2016}) 19. Ne5 Ra6 20. Rfc1 Qa8 21. Qc2 Nf5 22. Nd3 Nd6 23. Nc5 {[#] Strongly threatening Bxd6.} Ra7 24. Bxd6 {The position is equal.} Bxd6 25. Qb2 Bxc5 (25... Nd7 {keeps more tension.} 26. Ra1 Nb6 27. Rxa7 Qxa7 28. Ra1 Qc7) 26. dxc5 Ne4 27. Ra1 Nxc3 28. Rxa7 Qxa7 29. Qxc3 $11 {[%mdl 4096] Endgame KQR-KQR} Ra8 30. Qf6 Qd7 31. Ra1 Rxa1+ 32. Qxa1 {KQ-KQ} Qe6 33. Qa7 Kg7 34. Qc7 h5 35. Qb7 d4 36. exd4 Qe1+ 37. Kh2 Qxf2 38. Qxc6 {[#] Hoping for Qd6.} Qf4+ 39. Kh1 Qf1+ 40. Kh2 {Threatens to win with Qe4.} Qf4+ 41. Kh1 Qf1+ 42. Kh2 {Precision: White = 87%, Black = 85%.} 1/2-1/2

[Event "Schaakweek Apeldoorn GM 2018"]
[Site "Apeldoorn"]
[Date "2018.06.11"]
[Round "5"]
[White "Fier, Alexandr"]
[Black "Ernst, Sipke"]
[Result "1-0"]
[WhiteElo "2576"]
[BlackElo "2555"]
[Annotator "TA"]
[PlyCount "175"]
[EventDate "2018.06.12"]
[EventType "tourn"]
[EventCountry "NED"]
[SourceTitle "playchess.com"]
[Source "ChessBase"]
[SourceQuality "1"]

{[%evp 31,175,0,0,5,17,7,6,-17,-7,-26,0,0,44,38,86,53,119,131,72,50,145,135,160,152,152,160,155,146,153,138,154,161,161,27,105,112,129,118,150,93,152,138,150,98,138,131,163,166,153,150,170,75,83,43,64,64,52,46,49,48,57,57,57,57,57,50,50,50,50,48,57,57,57,41,45,41,48,48,48,48,57,32,31,16,57,57,57,48,47,47,51,51,55,55,66,0,58,39,58,14,58,0,0,0,9,10,12,8,8,0,0,0,70,70,70,76,12842,12843,12843,12843,12844,12844,12845,12845,12845,12846,12848,12848,12850,12848,12849,12849,12850,12851,12851,12851,12851,12851,12851,12851,12851,12851,29976,29977,29973,12851]} 1. e4 e5 2. Nf3 Nc6 3. Bb5 a6 4. Ba4 Nf6 5. O-O Be7 6. Re1 b5 7. Bb3 d6 8. c3 O-O 9. d4 Bg4 10. Be3 exd4 11. cxd4 Na5 12. Bc2 c5 13. h3 Bh5 {C91: Closed Ruy Lopez: 7...d6 8 c3 0-0 9 d4} 14. g4 Bg6 15. Nbd2 Re8 (15... Rc8 16. d5 Nd7 17. Nh2 Bf6 18. Rb1 Re8 19. f4 h6 20. Bf2 Bh4 21. Bxh4 Qxh4 {½-½ (139) Inarkiev,E (2689)-Tomashevsky,E (2713) St Petersburg 2017}) 16. d5 Nd7 {LiveBook: 7 Games} 17. Bf4 Bf6 18. Rb1 Nb7 19. Bg3 $146 ({Predecessor:} 19. Nf1 h6 20. Ng3 Rc8 21. Kg2 {1-0 (37) Brugger,A (2471)-Grube,F (2047) ICCF email 2009}) 19... c4 20. b4 a5 21. bxa5 Qxa5 {[#]} 22. a4 $1 {[%mdl 512]} c3 (22... bxa4 23. Rxb7) 23. Nb3 $1 $36 {[%cal Rb3a5][%mdl 2048] Black is under pressure.} Qxa4 ({Black should play} 23... Qd8 $14) 24. g5 $1 $16 {aiming for Nc5!} Be7 (24... Bxe4 $2 25. Rxe4 Rxe4 26. Nbd2 $18) (24... Qc4 $142) 25. Nfd4 Bxg5 (25... Qc4 $14) 26. Qg4 {Threatens to win with Ra1.} Nf6 27. Qxg5 Nxe4 28. Bxe4 Rxe4 29. Rxe4 Bxe4 30. Re1 h6 31. Qe3 Bxd5 32. Qxc3 ({Only move:} 32. Nf5 $1 $18 Qc4 33. Nbd4 (33. Ne7+ Kh7 $11)) 32... Qc4 (32... b4 $1 $11 33. Qc7 Qa6) 33. Qb2 Qc8 34. Kh2 Qd7 35. Bf4 (35. Rg1 $142) 35... f6 (35... Kh7 $142) 36. Rg1 {And now Bxh6 would win.} Kh8 37. Qd2 ({Better is} 37. Qb1) 37... g5 ({Don't blunder} 37... Ra3 $2 38. Bxh6 $1 {[%mdl 512]} Bxb3 39. Bxg7+ Qxg7 40. Rxg7 $18) 38. Be3 Nc5 39. Nxc5 $1 dxc5 {[#]} 40. Nxb5 $1 {[%mdl 512]} Rd8 (40... Qxb5 41. Qxd5) 41. Nc3 (41. Qc3 $18 {and White stays clearly on top.} Kg7 42. Qxc5) 41... Qc7+ 42. Bf4 Bc6 ({But not} 42... Qxf4+ $2 43. Qxf4 gxf4 44. Rd1 $18) 43. Bxc7 Rxd2 44. Bg3 f5 45. Rd1 Rxd1 $14 {[%csl Gc6][%cal Rd1h1][%mdl 4096] Endgame KRB-KBN} 46. Be5+ (46. Nxd1 $2 f4 $17) 46... Kh7 47. Nxd1 {Black must now prevent f4.} f4 48. Nc3 Kg6 49. Bd6 c4 50. Ne2 Be4 51. Bf8 Bf3 52. Nc3 Bc6 53. Kg1 Bd7 54. Kg2 Bc6+ 55. Kh2 Bf3 56. Bb4 Kf5 57. Nb5 {Hoping for Nd6+.} Bd5 58. Bc3 Kg6 59. Nd6 Be6 60. Ne4 Bd5 61. Nf6 Bc6 62. Ng4 Bd5 {[#]} 63. h4 (63. f3 $1 $14) 63... Be6 (63... gxh4 $11 64. Ne5+ Kg5) 64. Nf6 Kf5 65. Kg2 {White wants to play hxg5.} Bc8 66. Kg1 (66. hxg5 $14 Bb7+ 67. f3 hxg5 68. Kf2) 66... Bb7 $11 67. Kh2 Bf3 68. Kh3 Bc6 69. Ba1 Bf3 70. Kh2 Bc6 71. Ng8 Ke4 (71... Kg4 $1 $11) 72. Nxh6 $14 gxh4 73. Ng4 {Strongly threatening Ne5.} Kf3 $2 {[%mdl 8192]} (73... Kf5 $16 74. Ne5 Bd5) 74. Ne5+ $18 Kxf2 75. Nxc6 f3 76. Nd4 $1 Ke3 77. Kg1 h3 {[#]} 78. Nf5+ $1 Kd2 {[#]} 79. Ng3 $1 Kd3 80. Bf6 c3 81. Kf2 h2 82. Kxf3 Kd2 83. Bg5+ Kd1 84. Nh1 Kc2 85. Kg2 Kd1 86. Kxh2 c2 87. Nf2+ Ke2 88. Kg2 {Precision: White = 66%, Black = 42%.} 1-0

[Event "Schaakweek Apeldoorn GM 2018"]
[Site "Apeldoorn"]
[Date "2018.06.11"]
[Round "5"]
[White "Praggnanandhaa R"]
[Black "Hillarp Persson, Tiger"]
[Result "0-1"]
[WhiteElo "2507"]
[BlackElo "2546"]
[Annotator "TA"]
[PlyCount "132"]
[EventDate "2018.06.12"]
[EventType "tourn"]
[EventCountry "NED"]
[SourceTitle "playchess.com"]
[Source "ChessBase"]
[SourceQuality "1"]

{[%evp 15,132,-2,0,-9,5,0,14,0,0,0,0,-8,18,18,18,14,15,11,11,20,12,15,20,22,22,18,18,20,24,17,25,23,38,0,0,0,21,0,20,0,28,18,45,32,37,32,37,0,12,12,17,28,24,0,5,0,0,-10,0,0,0,-152,-99,-80,-57,-49,-52,-168,-166,-152,-158,-153,-158,-210,-228,-217,-211,-227,-215,-220,0,-182,-196,-206,-172,-165,-158,-145,-125,-228,-228,-274,-252,-222,-259,-264,-251,-237,-210,-363,-351,-355,-363,-358,-357,-352,-352,-320,-310,-513,-426,-409,-278,-1371,-1218,-29983,-29984,-29986,-29987]} 1. e4 c5 2. Nf3 d6 3. d4 cxd4 4. Nxd4 Nf6 5. Nc3 a6 6. Be2 e5 7. Nf3 Be7 8. Bg5 O-O {LiveBook: 4 Games. B92: Sicilian Najdorf: 6 Be2} (8... Be6 9. Bxf6 Bxf6 10. O-O Be7 11. Nd5 Nd7 12. Bc4 Rc8 13. Qe2 Nb6 14. Nxb6 Qxb6 15. Bb3 O-O 16. Rfd1 {1-0 (55) Caruana,F (2794)-Grischuk,A (2785) Saint Louis 2017}) 9. Bxf6 Bxf6 10. Bc4 Nc6 {The position is equal.} 11. a3 $146 ({Predecessor:} 11. Qd2 Bg4 12. Qe3 Nd4 13. Bb3 Bxf3 14. gxf3 Bg5 15. Qd3 Qf6 16. Nd5 Qxf3 17. Qxf3 Nxf3+ {1-0 (63) Odler,D (2119)-Pribila,M (1796) Bratislava 2004}) 11... Be6 12. Ba2 Rc8 13. Nd5 Na5 14. Qd3 b5 15. O-O Nc4 16. Bxc4 Rxc4 17. c3 Bxd5 18. Qxd5 Qa8 19. Qxa8 Rxa8 20. Nd2 Rc6 21. Rfd1 g6 22. Nb3 Bd8 23. Kf1 Kf8 24. Rd3 Ke7 25. Rad1 h5 26. Na1 Bb6 27. Ke2 f5 28. exf5 gxf5 29. Nc2 {Nb4 is the strong threat.} a5 30. Rg3 Kf6 31. f4 exf4 32. Rgd3 Bc7 33. Kf3 Re8 34. R1d2 Re4 35. Rd4 Rc4 36. Re2 Rxe2 37. Kxe2 $11 {[%mdl 4096] Endgame KRB-KRN} Ke5 38. Kd3 $2 {[#]} (38. Ne1 $11) 38... d5 (38... Bb6 $142 $1 {Strongly threatening ...Rc7.} 39. Rxc4 bxc4+ 40. Kxc4 Ke4) 39. b3 $17 Rc6 {Threatens to win with ...Bb6.} (39... Rc5 {is more complex.} 40. Ne1 Ke6 41. Nf3 Be5 42. Nxe5 Kxe5 43. b4 axb4 44. Rxb4 h4) 40. Ne1 Ke6 41. Kd2 (41. Nf3 $15) 41... Be5 $19 42. Rd3 Rc8 43. Rf3 a4 44. b4 {[#]} (44. bxa4 $17 {might work better.} bxa4 45. Nd3) 44... d4 $1 45. cxd4 Bxd4 46. Nc2 Be5 47. Ne1 Bd4 48. Nc2 $1 {[%cal Rc2d4]} Rd8 49. Ke2 Be5 50. Ne1 Rg8 51. Rh3 Rc8 52. Kd2 (52. Kd1 $17) 52... Kd5 53. Nd3 Rg8 54. Ne1 Kc4 55. Rf3 Rg7 56. Kc2 Rg4 57. Kd2 $2 (57. Rf2 {is a better defense.}) 57... Bd4 58. Kc2 Be3 59. g3 Kd4 60. Kd1 Ke4 61. Ke2 Bd4 62. Ng2 $2 (62. Rd3 {only move.}) 62... fxg3 63. hxg3 Be5 64. Kf2 $2 (64. Re3+ Kd5 65. Rd3+ Rd4 66. Rf3) 64... f4 65. gxf4 Bd4+ 66. Ne3 Rxf4 {Precision: White = 49%, Black = 68%.} 0-1

[Event "Schaakweek Apeldoorn GM 2018"]
[Site "Apeldoorn"]
[Date "2018.06.11"]
[Round "5"]
[White "Pijpers, Arthur"]
[Black "Warmerdam, Max"]
[Result "0-1"]
[WhiteElo "2479"]
[BlackElo "2370"]
[Annotator "TA"]
[PlyCount "100"]
[EventDate "2018.06.12"]
[EventType "tourn"]
[EventCountry "NED"]
[SourceTitle "playchess.com"]
[Source "ChessBase"]
[SourceQuality "1"]

{[%evp 26,99,26,18,14,27,21,20,56,62,54,63,64,57,66,-69,-67,-112,-85,-212,20,-487,-483,-1026,-988,-1172,-1165,-1865,-665,-690,-681,-654,-416,-416,-415,-412,-413,-412,-409,-393,-345,-343,-336,-625,-607,-7318,-7318,-7324,-7288,-7277,-1795,-7266,-7245,-4617,-2245,-7598,-7388,-4741,-2859,-29950,-29947,-29960,-29953,-29957,-29961,-4952,-4939,-29965,-29966,-29965,-29963,-29969,-29970,-29988,-29989,-29999]} 1. e4 e5 2. Nf3 Nc6 3. Bb5 a6 4. Ba4 d6 5. O-O Bd7 6. d4 b5 7. Bb3 Nxd4 8. Nxd4 exd4 9. c3 dxc3 10. Qh5 g6 {C72: Ruy Lopez: Deferred Steinitz: 5 0-0} 11. Qd5 Be6 12. Qc6+ Bd7 13. Qxc3 Nf6 14. e5 {LiveBook: 3 Games} dxe5 15. Qxe5+ Qe7 16. Qxc7 {[#]} Rc8 $146 ({Predecessor:} 16... Bg7 17. Nc3 b4 18. Bg5 {½-½ (48) Kokarev,D (2616)-Vavulin,M (2575) Moscow 2018}) 17. Qa5 Bg7 18. Re1 Be6 19. Qxa6 {Threatens to win with Bf4.} O-O 20. Bd2 (20. Nd2 $14) 20... Ng4 $36 {[%mdl 2048] And now ...Qh4 would win. Black has the initiative.} 21. h3 {[%cal Re1e6] [#]} ({Not} 21. Rxe6 $2 Qh4 $19) 21... Nxf2 $1 {[%mdl 512]} 22. Rxe6 (22. Bxe6 $17 fxe6 23. Nc3) (22. Kxf2 Bxb2) 22... fxe6 $2 (22... Qh4 $19 23. Re3 Bd4) 23. Nc3 $2 {[%mdl 8192]} ({Avoid the trap} 23. Bxe6+ $2 Kh8 $19) (23. Qxe6+ $11 Qxe6 24. Bxe6+ Kh8 25. Bxc8) 23... Kh8 $19 {White must now prevent ...Qc5.} 24. Be3 (24. Qb6 $142 Qh4 25. Ne2) 24... Qh4 25. Bxe6 Rce8 26. Qd6 {[#]} Ne4 (26... Nxh3+ $142 $1 {[%mdl 512]} 27. gxh3 {[#]} (27. Bxh3 Rxe3) 27... Rxe6 $1 {[%mdl 512]} 28. Qxe6 Qg3+ 29. Kh1 Be5 30. Qxe5+ Qxe5) 27. Qd5 Nxc3 28. bxc3 Qe7 29. Bc5 Qxe6 30. Qxe6 Rxe6 31. Bxf8 Bxf8 {[%mdl 4096] Endgame KRB-KR} 32. Rb1 Re2 33. Rxb5 Rxa2 34. Rb7 $2 (34. g4) 34... Bc5+ 35. Kh2 Bd6+ 36. Kg1 Bg3 {( -> ...Ra1+)} 37. Rb1 Rc2 38. Kf1 h5 39. c4 Rxc4 40. Ke2 Rf4 41. Ke3 Rf2 42. Rd1 Kg7 43. Ra1 Kh6 44. Rg1 h4 45. Ke4 Bh2 46. Rh1 Rxg2 {Black mates.} 47. Kf3 Rc2 48. Rd1 Rc3+ 49. Kg4 Rg3+ 50. Kxh4 g5# {Precision: White = 21%, Black = 77%.} 0-1

[Event "Schaakweek Apeldoorn GM 2018"]
[Site "Apeldoorn"]
[Date "2018.06.11"]
[Round "5"]
[White "Kuipers, Stefan"]
[Black "Gascon Del Nogal, Jose Rafael"]
[Result "1-0"]
[WhiteElo "2477"]
[BlackElo "2470"]
[Annotator "TA"]
[PlyCount "123"]
[EventDate "2018.06.12"]
[EventType "tourn"]
[EventCountry "NED"]
[SourceTitle "playchess.com"]
[Source "ChessBase"]
[SourceQuality "1"]

{[%evp 10,123,-4,-7,0,0,0,0,0,0,0,10,55,53,51,0,0,0,0,-34,-16,-31,8,22,8,18,16,24,21,25,50,50,48,48,64,64,64,59,81,48,93,61,58,58,74,74,74,76,76,87,78,79,77,70,133,133,143,129,128,125,125,124,129,108,109,106,122,131,125,128,116,100,81,81,81,73,69,62,63,48,64,63,47,42,214,61,59,72,120,134,170,100,102,98,118,115,608,598,710,696,1461,1332,29963,29955,29968,29969,29968,29969,29969,29967,29968,29971,29965,29965,12364,4627]} 1. e4 e6 2. d4 d5 3. Bd3 dxe4 4. Bxe4 Nf6 5. Bf3 c5 6. Ne2 Nc6 {[%cal Rc5d4] C01: French: Exchange Variation} 7. Be3 cxd4 (7... Nd5 8. Bxd5 Qxd5 9. Nbc3 Qxg2 10. Rg1 Qf3 11. Nb5 Rb8 12. dxc5 Bd7 13. Nc7+ Kd8 14. Nb5 {0-1 (54) Kramnik,V (2808)-Caruana,F (2808) Stavanger 2017}) 8. Nxd4 Ne5 {The position is equal.} 9. Nc3 a6 10. Qe2 Qc7 11. O-O-O $1 Nxf3 $146 ({Predecessor:} 11... Be7 12. g4 {½-½ (12) Zajic,M (2479)-Markus,R (2650) Ruma 2017}) 12. Nxf3 (12. Qxf3 $14 Be7 13. Rhe1) 12... Be7 $11 13. Bd4 O-O 14. g4 b5 15. g5 {Threatens to win with Be5.} Nd7 {[#] Strongly threatening ...Bb7.} 16. Nd5 $1 $36 {[%cal Rd5c7][%mdl 2560] White has some pressure.} exd5 17. Qxe7 Qf4+ 18. Qe3 Qxe3+ 19. Bxe3 Bb7 20. Rhe1 Rfe8 21. Nd4 g6 22. Nb3 Rac8 23. Bd4 Kf8 24. f3 Re6 25. Kd2 Rce8 26. Rxe6 fxe6 27. f4 e5 28. fxe5 Nxe5 29. Rf1+ Kg8 30. Bxe5 Rxe5 $16 {[%mdl 4096] Endgame KRB-KRN} 31. h4 d4 ({Better is} 31... Bc8 $14) 32. Rf4 ({Don't do} 32. Nxd4 Re4 $14) 32... Bd5 33. Nxd4 Kg7 34. a3 h6 35. gxh6+ Kxh6 36. Kd3 Kh5 37. b3 Bg2 38. Ne2 Rd5+ 39. Ke3 {Hoping for Rf2.} Re5+ 40. Kf2 Bh3 41. Ng3+ Kh6 42. Ne4 Bf5 43. Ke3 Rd5 44. c3 Rd1 45. Nc5 Kh5 46. a4 Rh1 $2 {[#]} ({Black should try} 46... bxa4 $14 47. Rxa4 Rc1) 47. Nxa6 $2 (47. a5 $1 $18) 47... bxa4 $1 $14 48. bxa4 Bg4 49. Nc5 {Ne4 is the strong threat.} Re1+ 50. Kd2 (50. Kd4 $18) 50... Re2+ $16 51. Kd3 Ra2 52. Ne4 {Black must now prevent Nf6+.} Kxh4 $2 {[%mdl 8192] [#]} (52... Bd1 $16 53. c4 Bxa4) 53. Nf2 $1 $18 Kg3 54. Rxg4+ Kxf2 55. Rxg6 Rxa4 {KR-KR} 56. c4 {[%cal Bc3c4,Bc4c5][%mdl 32]} Ra8 57. c5 Kf3 58. Rf6+ Kg4 59. Kc4 Kg5 60. Rf1 Rc8 61. Kb5 Rb8+ 62. Kc6 {Precision: White = 71%, Black = 57%.} 1-0

[Event "Schaakweek Apeldoorn GM 2018"]
[Site "Apeldoorn"]
[Date "2018.06.11"]
[Round "5"]
[White "Beerdsen, Thomas"]
[Black "Ten Hertog, Hugo"]
[Result "1/2-1/2"]
[WhiteElo "2454"]
[BlackElo "2453"]
[Annotator "TA"]
[PlyCount "53"]
[EventDate "2018.06.12"]
[EventType "tourn"]
[EventCountry "NED"]
[SourceTitle "playchess.com"]
[Source "ChessBase"]
[SourceQuality "1"]

{[%evp 20,53,13,12,74,47,66,0,6,0,0,0,0,0,0,0,0,0,0,0,16,25,39,-11,-16,-85,0,-18,-9,-4,0,0,-13,-7,0,0]} 1. e4 g6 2. d4 Bg7 3. Nf3 d6 4. Bc4 Nf6 {[%cal Bg8f6,Bf6d5,Bd5b6][%mdl 32]} 5. Qe2 O-O 6. O-O Bg4 7. e5 dxe5 {B06: Moderne Verteidigung} 8. dxe5 Nd5 9. Nbd2 {[%cal Bb1d2,Bd2b3,Bb3c5][%mdl 32]} Nb6 (9... c6 10. h3 Bf5 11. Nd4 Qc8 12. f4 Bd7 13. a4 Nb6 14. Bb3 c5 15. Nb5 {0-1 (52) Mikaelyan,A (2486)-Aravindh,C (2617) Moscow 2018}) 10. Bd3 Nc6 11. h3 $1 {[%cal Rh3g4] LiveBook: 4 Partien} Bf5 $146 {[#]} (11... Nd4 $11 12. Qd1 Bxf3 13. Nxf3 Qd5) ({Vorgänger:} 11... Nd4 12. Qe4 Nxf3+ 13. Nxf3 Bxf3 14. Qxf3 Qd5 15. Qxd5 Nxd5 16. f4 {½-½ (36) Rosner,J (2405)-Saiyn,Z (2381) Olomouc 2017}) 12. Bxf5 $1 $16 gxf5 13. e6 (13. Re1 $14) 13... h6 $11 14. Nb3 {Schwarz muss nun Td1 beachten.} Qd5 15. Re1 Qxe6 16. Qxe6 fxe6 17. Rxe6 Kf7 18. Nc5 Nd4 19. Ne5+ Kg8 {[%cal Bf7g8,Bg8h7,Bh7g7,Bg7f6][%mdl 32]} 20. Rg6 ({Viel schlechter ist} 20. Rxe7 Bf6 $17) 20... Kh7 21. Rxg7+ ({Schwächer ist} 21. Ncd3 Rf6 $17) 21... Kxg7 22. b3 (22. c4 $11 {bleibt in der Remisbreite.}) 22... Ne2+ (22... Nxc2 $17 23. Rb1 Kh7) 23. Kf1 {Die Stellung ist ausgeglichen.} Nxc1 24. Rxc1 Rfd8 25. Ne6+ Kf6 26. Nxd8 Rxd8 27. Nd3 {Precision: Weiß = 39%, Schwarz = 55%.} 1/2-1/2